[Event "Challenge"]
[Site "http://www.queenalice.com/game.php?id=43528"]
[Date "2005.12.14"]
[Round "-"]
[White "aquinas"]
[Black "downanddistance"]
[Result "0-1"]
[WhiteElo "1532"]
[BlackElo "1362"]

1. e4 e5 2. Nf3 Nc6 3. Bb5 Nf6 4. Nc3 Bc5 5. d4 exd4 6. Bxc6 dxc6 7. Na4 Qe7 8.
Nxc5 Qxc5 9. Nxd4 Nxe4 10. O-O O-O 11. Be3 Rd8 12. c3 Qb6 13. Qf3 Re8 14. Nb3 c5
15. Rfe1 Bd7 16. Rad1 Ba4 17. Qg4 Bxb3 18. axb3 Qxb3 19. Bh6 g6 20. h4 f5 21.
Qe2 Nxc3 22. Qxe8+ Rxe8 23. Rxe8+ Kf7 24. Rf8+ Ke7 25. Re1+ Ne4 26. f3 Qb4 27.
Kf1 Qc4+ 28. Kg1 Qd4+ 29. Kh1 Qf2 30. Rxe4+ fxe4 31. Rf4 exf3 32. Rg4 Qf1+ 33.
Kh2 f2 0-1

[Event "Challenge"]
[Site "http://www.queenalice.com/game.php?id=50351"]
[Date "2006.1.31"]
[Round "-"]
[White "downanddistance"]
[Black "Marcelo_Araujo"]
[Result "1-0"]
[WhiteElo "1518"]
[BlackElo "1534"]

1. e4 c5 2. Nf3 Nc6 3. d4 cxd4 4. Nxd4 Nxd4 5. Qxd4 e6 6. Bc4 Nf6 7. O-O d5 8.
exd5 exd5 9. Bb5+ Bd7 10. Nc3 Bxb5 11. Nxb5 a6 12. Qe5+ Be7 13. Nc7+ Kd7 14.
Nxa8 Qxa8 15. Bg5 Bd6 16. Qf5+ Ke7 17. Bxf6+ gxf6 18. Qxd5 Qd8 19. Rfe1+ Be5 20.
Qxb7+ Kf8 21. c3 Qd2 22. Rad1 Qg5 23. Rd8+ Kg7 24. Red1 h5 25. Qc8 Rh7 26. Rg8+
Kh6 27. Rxg5 Kxg5 28. Qxa6 Rg7 29. a4 Kh6 30. a5 h4 31. Qc8 Rg5 32. a6 Rh5 33.
a7 Bxh2+ 34. Kxh2 Ra5 35. a8=Q Rxa8 36. Qxa8 1-0

[Event "Challenge"]
[Site "http://www.queenalice.com/game.php?id=50352"]
[Date "2006.1.31"]
[Round "-"]
[White "Marcelo_Araujo"]
[Black "downanddistance"]
[Result "0-1"]
[WhiteElo "1534"]
[BlackElo "1476"]

1. d4 d5 2. Nf3 c5 3. Bf4 Nc6 4. e3 cxd4 5. exd4 g6 6. c4 dxc4 7. Bxc4 Bg7 8.
Be3 Bg4 9. O-O Qb6 10. b3 e5 11. dxe5 Qc7 12. e6 Bxe6 13. Nd4 Bxc4 14. bxc4
O-O-O 15. Qg4+ f5 16. Qf4 Nxd4 17. Qxc7+ Kxc7 18. Bf4+ Kc8 19. Nc3 Ne6 20. Rad1
Nxf4 21. Ne2 Nxe2+ 22. Kh1 Nh6 23. Rfe1 Rhe8 24. Rxd8+ Kxd8 25. Rd1+ Kc7 26. h4
Ng4 27. Rf1 Bd4 28. f3 Ng3# 0-1

[Event "AUTO-ADV-135"]
[Site "http://www.queenalice.com/game.php?id=52215"]
[Date "2006.2.10"]
[Round "1"]
[White "downanddistance"]
[Black "Fabio_Broa"]
[Result "1-0"]
[WhiteElo "1552"]
[BlackElo "1427"]

1. e4 e5 2. Nf3 d6 3. d4 Bg4 4. Be2 Bxf3 5. Bxf3 f6 6. O-O Nc6 7. Be3 exd4 8.
Bxd4 Qe7 9. Nc3 Nb4 10. Re1 c6 11. a3 Na6 12. Bg4 Nc5 13. b4 Nd7 14. Rb1 c5 15.
Nd5 Qd8 16. bxc5 h5 17. Bxh5+ Rxh5 18. Qxh5+ 1-0

[Event "AUTO-ADV-135"]
[Site "http://www.queenalice.com/game.php?id=52216"]
[Date "2006.2.10"]
[Round "1"]
[White "Fabio_Broa"]
[Black "downanddistance"]
[Result "1-0"]
[WhiteElo "1427"]
[BlackElo "1631"]

1. e4 e5 2. Nf3 Nc6 3. Bb5 Nf6 4. Bxc6 dxc6 5. Nxe5 Nxe4 6. Qh5 g6 7. Qf3 Ng5 8.
Qe3 Bg7 9. Nxc6+ Ne6 10. Nxd8 Kxd8 11. O-O Nd4 12. Re1 Bf6 13. Na3 Bd7 14. Rf1
h5 15. c3 Nf5 16. Qf3 c6 17. d3 Kc7 18. Bf4+ Kc8 19. Nc4 g5 20. Be5 Rh6 21. Rae1
Bxe5 22. Nxe5 g4 23. Qf4 Rf6 24. Nxd7 Kxd7 25. Qg5 1-0

[Event "AUTO-ADV-135"]
[Site "http://www.queenalice.com/game.php?id=52217"]
[Date "2006.2.10"]
[Round "1"]
[White "downanddistance"]
[Black "jajerduco"]
[Result "1-0"]
[WhiteElo "1573"]
[BlackElo "1421"]

1. e4 g6 2. d4 Bg7 3. Nf3 d6 4. Bf4 Bg4 5. Bc4 e6 6. O-O d5 7. Bd3 Bxd4 8. Bb5+
Nc6 9. Bxc6+ bxc6 10. Qxd4 Nf6 11. Be5 Qb8 12. Bxf6 Rg8 13. Ne5 Qb5 14. Nxg4 c5
15. Qe5 dxe4 16. Qxe4 Rb8 17. Na3 Qd7 18. Rad1 Qc8 19. Qc6+ Kf8 20. Rd8+ Qxd8
21. Bxd8 Rxd8 22. Qxc5+ Kg7 23. Qxc7 Rc8 24. Qe5+ Kf8 25. Nf6 Rd8 26. Nxg8 Kxg8
27. c4 Rd2 28. c5 1-0

[Event "AUTO-ADV-135"]
[Site "http://www.queenalice.com/game.php?id=52218"]
[Date "2006.2.10"]
[Round "1"]
[White "jajerduco"]
[Black "downanddistance"]
[Result "0-1"]
[WhiteElo "1411"]
[BlackElo "1619"]

1. e4 c5 2. d3 Nc6 3. Nf3 g6 4. g3 Bg7 5. Bg2 d6 6. O-O Bg4 7. Nc3 Bd4 8. Nd5 e6
9. Nf4 Nf6 10. c3 Be5 11. Qa4 Qa5 12. Qb3 O-O-O 13. Bd2 Bxf3 14. Bxf3 Bxf4 15.
Bxf4 d5 16. Bg5 Ne5 17. Kg2 Ned7 18. exd5 exd5 19. Bxd5 b6 20. Bxf7 h6 21. Qe6
hxg5 22. Qc6+ Kb8 23. Bxg6 Qa6 24. Rfd1 Qc8 25. Qf3 Rh6 26. Be4 Ne5 27. Qe2 Qh3+
28. Kg1 Qxh2+ 29. Kf1 Neg4 30. Qf3 Qh5 31. Ke2 Qe8 32. Rh1 Nh2 33. Qf5 Rd5 34.
Kd2 Qxe4 35. Qxe4 Nxe4+ 36. Ke3 Nf6 37. c4 Nhg4+ 38. Kf3 Rxh1 39. Rxh1 Rxd3+ 40.
Ke2 Rd6 41. Rh8+ Kb7 42. f3 Re6+ 43. Kd3 Re3+ 44. Kc2 Rxf3 45. Rf8 Rxg3 46. Rf7+
Ka6 47. b3 Ne3+ 48. Kd2 Ne4+ 49. Kd3 Nf2+ 50. Ke2 Nfd1 51. a3 g4 52. b4 Rg2+ 53.
Ke1 g3 54. bxc5 Rg1+ 55. Kd2 g2 56. cxb6 axb6 57. Rf6 Rf1 58. Rg6 g1=Q 59. Rxg1
Rxg1 60. Kd3 Rg4 61. c5 bxc5 0-1

[Event "AUTO-ADV-137"]
[Site "http://www.queenalice.com/game.php?id=52918"]
[Date "2006.2.14"]
[Round "1"]
[White "downanddistance"]
[Black "bragchez"]
[Result "1-0"]
[WhiteElo "1596"]
[BlackElo "1614"]

1. e4 g6 2. d4 d6 3. Nc3 Bg7 4. Nf3 c6 5. Bf4 Bg4 6. Bc4 Bxf3 7. Qxf3 Bxd4 8.
Be3 Bg7 9. Qxf7+ Kd7 10. Be6+ Kc7 11. Qxg7 Nd7 12. Qxh8 Rc8 13. Qxh7 Kb8 14. Bg5
Ndf6 15. Bxc8 Qxc8 16. e5 dxe5 17. Qxg6 b6 18. O-O-O Kb7 19. Ne4 Qe6 20. Bxf6
exf6 21. Qg7+ Ne7 22. Nxf6 Ka6 23. Qg5 Nd5 24. Nxd5 cxd5 25. Rhe1 d4 26. Rxe5
Qxa2 27. Ra5+ bxa5 28. Rxd4 Qa1+ 29. Kd2 Qxb2 30. Qd5 Qb6 31. Qd6 Qxd6 32. Rxd6+
Kb5 33. Kc3 a4 34. Kb2 a6 35. Ka3 a5 36. h4 Kc5 37. Rd3 Kc4 38. h5 Kc5 39. h6
Kc4 40. h7 1-0

[Event "AUTO-ADV-137"]
[Site "http://www.queenalice.com/game.php?id=52919"]
[Date "2006.2.14"]
[Round "1"]
[White "bragchez"]
[Black "downanddistance"]
[Result "0-1"]
[WhiteElo "1625"]
[BlackElo "1647"]

1. e4 e5 2. Nf3 Nc6 3. Bb5 Nf6 4. d3 a6 5. Ba4 b5 6. Bb3 Be7 7. O-O O-O 8. Bg5
Bb7 9. Nbd2 h6 10. Bxh6 gxh6 11. Nh4 Nd4 12. Ndf3 Nxf3+ 13. Nxf3 d6 14. Nh4 Qd7
15. Nf5 Kh7 16. Qc1 Ng8 17. Re1 Bg5 18. Qd1 Ne7 19. Ng3 a5 20. c3 a4 21. Bc2 Qe6
22. d4 f6 23. Rf1 Qf7 24. Kh1 Rg8 25. d5 c5 26. dxc6 Bxc6 27. Qxd6 Rad8 28. Qc7
Rd7 29. Qb6 Rd2 30. Bd1 Rxb2 31. Bh5 Qc4 32. Rfd1 Rxa2 33. Rxa2 Qxa2 34. Nf5
Nxf5 35. exf5 Qc4 36. Qc7+ Kh8 37. Bf7 Qe2 38. Rb1 Be4 39. Bg6 Rxg6 40. fxg6
Bxg6 41. Qb8+ Kg7 42. Qc7+ Kf8 43. Kg1 Bxb1 44. Qd6+ Kg7 45. Qe7+ Kg6 46. Qe8+
Kf5 47. Qd7+ Kf4 48. g3+ Kf3 49. Qf5+ Bxf5 50. h4 Qxf2+ 51. Kh1 Qg2# 0-1

[Event "AUTO-ADV-137"]
[Site "http://www.queenalice.com/game.php?id=52920"]
[Date "2006.2.14"]
[Round "1"]
[White "downanddistance"]
[Black "retalhador"]
[Result "1-0"]
[WhiteElo "1591"]
[BlackElo "1616"]

1. e4 e5 2. Nf3 Nc6 3. d4 exd4 4. Nxd4 Bc5 5. Be3 Qf6 6. c3 Nge7 7. Bc4 O-O 8.
O-O d6 9. Qf3 Bxd4 10. Bxd4 Qxf3 11. gxf3 Be6 12. Nd2 d5 13. exd5 Bxd5 14. Rfe1
Nxd4 15. cxd4 Bxc4 16. Rxe7 Ba6 17. Rxc7 Rac8 18. Rac1 b6 19. Ne4 Rfd8 20. d5 f5
21. Ng3 Rxc7 22. Rxc7 Rxd5 23. Rxa7 Rd1+ 24. Kg2 Bd3 25. f4 Rd2 26. Rd7 Be4+ 27.
Nxe4 Rxd7 28. Nc3 Rd2 29. b3 Rc2 30. Nd5 Rxa2 31. Ne7+ Kf7 32. Nxf5 Rb2 33. Nd4
Rd2 34. Nf3 Rb2 35. Nd4 Kf6 36. Kf3 g5 37. fxg5+ Kxg5 38. Kg3 Rd2 39. Nf3+ 1-0

[Event "AUTO-ADV-137"]
[Site "http://www.queenalice.com/game.php?id=52921"]
[Date "2006.2.14"]
[Round "1"]
[White "retalhador"]
[Black "downanddistance"]
[Result "0-1"]
[WhiteElo "1746"]
[BlackElo "1619"]

1. e4 e5 2. Nf3 Nf6 3. Nc3 Nc6 4. Nxe5 Nxe5 5. d4 Nc6 6. d5 Ne7 7. e5 Nfxd5 8.
Nxd5 c6 9. Nxe7 Qa5+ 10. Bd2 Qxe5+ 11. Be2 Qxe7 12. O-O d5 13. Bg4 Qf6 14. Bxc8
Rxc8 15. Bc3 Qg6 16. Re1+ Kd7 17. Qe2 Bd6 18. Qf3 Rhe8 19. h3 f6 20. Re2 Rxe2
21. Qxe2 Re8 22. Qd2 Be5 23. f3 Qg3 24. Bxe5 Rxe5 25. Qf2 Qxf2+ 26. Kxf2 g5 27.
g4 f5 28. Rd1 Ke6 29. Rd2 Kf6 30. Kg3 Kg6 31. h4 fxg4 32. Kxg4 h5+ 33. Kg3 a5
34. b3 Re3 35. Kf2 Re5 36. Kg3 c5 37. c4 d4 38. hxg5 Rxg5+ 39. Kh4 Rf5 40. Kg3
Kg5 41. Rf2 h4+ 42. Kh3 d3 43. a3 Rf4 44. Rg2+ Kh5 45. Rf2 b6 46. Kg2 Kg5 47.
Rd2 h3+ 48. Kg3 Rh4 49. Rxd3 h2 50. Rd5+ Kh6 51. Kxh4 h1=Q+ 52. Kg4 Qg1+ 53. Kf4
Qc1+ 54. Kg4 Qxa3 55. Rd6+ Kg7 56. Rxb6 a4 57. bxa4 Qxa4 58. Rb7+ Kf6 59. Rb6+
Ke5 60. f4+ Kd4 61. f5 Qxc4 62. f6 Qf7 63. Kg5 c4 64. Rd6+ Kc5 65. Rd1 c3 66.
Re1 Kc4 67. Re7 Qd5+ 68. Kg6 c2 69. f7 Qd6+ 0-1

[Event "AUTO-MASTER-123"]
[Site "http://www.queenalice.com/game.php?id=60175"]
[Date "2006.3.29"]
[Round "1"]
[White "bragchez"]
[Black "downanddistance"]
[Result "1-0"]
[WhiteElo "1609"]
[BlackElo "1666"]

1. Nf3 d5 2. b3 Nf6 3. Bb2 Bf5 4. d3 Nc6 5. g3 Bg4 6. Nbd2 e6 7. Bg2 Bd6 8. a3
a5 9. O-O O-O 10. d4 Ne4 11. Nxe4 dxe4 12. Nd2 Ne7 13. Nxe4 c6 14. h3 1-0

[Event "AUTO-MASTER-123"]
[Site "http://www.queenalice.com/game.php?id=60176"]
[Date "2006.3.29"]
[Round "1"]
[White "downanddistance"]
[Black "bragchez"]
[Result "0-1"]
[WhiteElo "1646"]
[BlackElo "1627"]

1. e4 g6 2. d4 Bg7 3. Nf3 d5 4. exd5 Qxd5 5. Nc3 Qd8 6. Bc4 Bg4 7. Be3 Nh6 8.
O-O O-O 9. h3 Bxf3 10. Qxf3 e6 11. Qxb7 Nd7 12. Nb5 Nb6 13. Bd3 a6 14. Nxc7 Rb8
0-1

[Event "AUTO-MASTER-123"]
[Site "http://www.queenalice.com/game.php?id=60189"]
[Date "2006.3.29"]
[Round "1"]
[White "downanddistance"]
[Black "Catalin"]
[Result "0-1"]
[WhiteElo "1625"]
[BlackElo "1956"]

1. e4 e5 2. Nf3 Nc6 3. Bb5 d6 4. d4 Bd7 5. Nc3 Nf6 6. Bxc6 Bxc6 7. d5 Bd7 8. O-O
Be7 9. a4 Bg4 10. Qd3 O-O 11. Ra3 c5 12. Bg5 h6 13. Bxf6 Bxf6 14. h3 Bxf3 15.
Qxf3 c4 16. b3 Rc8 17. b4 Bg5 0-1

[Event "AUTO-MASTER-123"]
[Site "http://www.queenalice.com/game.php?id=60190"]
[Date "2006.3.29"]
[Round "1"]
[White "Catalin"]
[Black "downanddistance"]
[Result "1-0"]
[WhiteElo "1953"]
[BlackElo "1628"]

1. e4 e5 2. Nf3 Nc6 3. d4 exd4 4. Nxd4 Bc5 5. Be3 Qf6 6. c3 Nge7 7. Qd2 d5 8.
Nxc6 Qxc6 9. Bxc5 Qxc5 10. exd5 Qxd5 11. Qe3 Be6 12. Nd2 Nf5 13. Qf4 O-O-O 14.
a4 Qd6 15. Qxd6 Rxd6 16. Ne4 1-0

[Event "AUTO-MASTER-123"]
[Site "http://www.queenalice.com/game.php?id=60191"]
[Date "2006.3.29"]
[Round "1"]
[White "downanddistance"]
[Black "willyanF"]
[Result "0-1"]
[WhiteElo "1609"]
[BlackElo "1712"]

1. e4 c5 2. Nf3 d6 3. Bb5+ Bd7 4. Bxd7+ Nxd7 5. O-O Ngf6 6. Qe2 e6 7. b3 Be7 8.
Bb2 O-O 9. c4 Qc7 10. d3 Ne8 11. a3 f5 12. e5 dxe5 13. Nxe5 Bd6 14. Nxd7 Qxd7
15. Re1 Nc7 16. Be5 Rad8 17. d4 cxd4 18. Bxd4 Bxh2+ 19. Kxh2 Qxd4 0-1

[Event "AUTO-MASTER-123"]
[Site "http://www.queenalice.com/game.php?id=60192"]
[Date "2006.3.29"]
[Round "1"]
[White "willyanF"]
[Black "downanddistance"]
[Result "1-0"]
[WhiteElo "1699"]
[BlackElo "1622"]

1. e4 e5 2. Nf3 Nc6 3. Bb5 a6 4. Ba4 b5 5. Bb3 Bc5 6. c3 Nf6 7. d4 exd4 8. cxd4
Bb4+ 9. Bd2 Nxe4 10. Bxb4 Nxb4 11. Bxf7+ Kxf7 12. Qb3+ d5 13. Qxb4 Re8 14. O-O
Qd6 15. Qxd6 Nxd6 16. Ne5+ Kg8 17. Rc1 Nf7 18. Nxf7 1-0